• 首页
  • 本馆介绍
  • 公告通知
  • 最新文献
  • 馆藏检索
  • 电子资源
  • 读者导购
  • 参考咨询
  • 我的图书馆
  • 登录
  • 详细信息显示
  • 放入我的书架
  • 预约/预借图书
  • 作者相关作品
  • 分类相关作品
  • 丛书相关作品
  • 出版社相关作品

书目信息

  • 表格格式
  • 工作单格式
  • 卡片格式
题名:
太阳能光伏发电技术及应用
    
 
作者: 贲礼进 主编
分册:  
出版信息: 北京   中国铁道出版社  2013
页数: 192页
开本: 26cm
丛书名:
单 册:
中图分类: TM615
科图分类:
主题词: 太阳能发电--高等职业教育--教材
电子资源:
ISBN: 978-7-113-16723-3
000 00999nam0 2200229 450
001 2357088707
005 20231130155141.15
010    @a978-7-113-16723-3@dCNY25.00
100    @a20140127d2013 em y0chiy0120 ea
101 0  @achi
102    @aCN@b110000
105    @aa z 000yy
200 1  @a太阳能光伏发电技术及应用@9tai yang neng guang fu fa dian ji shu ji ying yong@b专著@f贲礼进主编
210    @a北京@c中国铁道出版社@d2013
215    @a192页@c图@d26cm
300    @a“十二五”高等职业教育能源类专业规划教材 国家示范性高等职业院校精品教材
330    @a本书以完成四个工作项目的形式编写,首先通过具体的太阳能光伏发电系统的项目设计、介绍该系统的设计方法及相关知识点。通过太阳能电池组件的设计、太阳能控制器的设计、太阳能逆变器的设计,使读者对太阳能发电所涉及的具体部件的工作原理、技术参数及相关技能有深入的了解和掌握。
606 0  @a太阳能发电@x高等职业教育@j教材
690    @aTM615@v5
701  0 @a贲礼进@9ben li jin@f(1967 )@4主编
801  2 @aCN@b58marc.cn@c20150122
905    @aBZT@dTM615@e10
    
    太阳能光伏发电技术及应用/贲礼进主编.-北京:中国铁道出版社,2013
    192页:图;26cm
    “十二五”高等职业教育能源类专业规划教材 国家示范性高等职业院校精品教材
    
    ISBN 978-7-113-16723-3:CNY25.00
    本书以完成四个工作项目的形式编写,首先通过具体的太阳能光伏发电系统的项目设计、介绍该系统的设计方法及相关知识点。通过太阳能电池组件的设计、太阳能控制器的设计、太阳能逆变器的设计,使读者对太阳能发电所涉及的具体部件的工作原理、技术参数及相关技能有深入的了解和掌握。
●
相关链接 在五车中查询图书 在当当中查询图书 在豆瓣中查询图书


正题名:太阳能光伏发电技术及应用     索取号:TM615/10         预约/预借

序号 登录号 条形码 馆藏地/架位号 状态 备注
1 2001241697   2001241697   中教(第二批第二书库)/山东中教(第二批)/2567/ [索取号:TM615/10] 在馆    
2 2001241698   2001241698   中教(第二批第二书库)/山东中教(第二批)/2567/ [索取号:TM615/10] 在馆    
3 2001241699   2001241699   中教(第二批第二书库)/山东中教(第二批)/2567/ [索取号:TM615/10] 在馆    
4 2001241700   2001241700   中教(第二批第二书库)/山东中教(第二批)/2567/ [索取号:TM615/10] 在馆    
5 2001241701   2001241701   中教(第二批第二书库)/山东中教(第二批)/2567/ [索取号:TM615/10] 在馆    
6 2001241702   2001241702   中教(第二批第二书库)/山东中教(第二批)/2567/ [索取号:TM615/10] 在馆    
7 2001241703   2001241703   中教(第二批第二书库)/山东中教(第二批)/2567/ [索取号:TM615/10] 在馆    
8 2001241704   2001241704   中教(第二批第二书库)/山东中教(第二批)/2567/ [索取号:TM615/10] 在馆    
9 2001241705   2001241705   中教(第二批第二书库)/山东中教(第二批)/2567/ [索取号:TM615/10] 在馆    
10 2001241706   2001241706   中教(第二批第二书库)/山东中教(第二批)/2567/ [索取号:TM615/10] 在馆    
11 2001241707   2001241707   中教(第二批第二书库)/山东中教(第二批)/2567/ [索取号:TM615/10] 在馆    
12 2001241708   2001241708   中教(第二批第二书库)/山东中教(第二批)/2567/ [索取号:TM615/10] 在馆    
13 2001241709   2001241709   中教(第二批第二书库)/山东中教(第二批)/2567/ [索取号:TM615/10] 在馆    
14 2001241710   2001241710   中教(第二批第二书库)/山东中教(第二批)/2567/ [索取号:TM615/10] 在馆    
15 2001241711   2001241711   中教(第二批第二书库)/山东中教(第二批)/2567/ [索取号:TM615/10] 在馆    
16 2001241712   2001241712   中教(第二批第二书库)/山东中教(第二批)/2567/ [索取号:TM615/10] 在馆    
17 2001241713   2001241713   中教(第二批第二书库)/山东中教(第二批)/2567/ [索取号:TM615/10] 在馆    
18 2001241714   2001241714   中教(第二批第二书库)/山东中教(第二批)/2567/ [索取号:TM615/10] 在馆    
19 2001241715   2001241715   中教(第二批第二书库)/山东中教(第二批)/2567/ [索取号:TM615/10] 在馆    
20 2001241716   2001241716   中教(第二批第二书库)/山东中教(第二批)/2567/ [索取号:TM615/10] 在馆    
21 2001241717   2001241717   中教(第二批第二书库)/山东中教(第二批)/2567/ [索取号:TM615/10] 在馆    
22 2001241718   2001241718   中教(第二批第二书库)/山东中教(第二批)/2567/ [索取号:TM615/10] 在馆    
23 2001241719   2001241719   中教(第二批第二书库)/山东中教(第二批)/2567/ [索取号:TM615/10] 在馆    
24 2001241720   2001241720   中教(第二批第二书库)/山东中教(第二批)/2567/ [索取号:TM615/10] 在馆    
25 2001241721   2001241721   中教(第二批第二书库)/山东中教(第二批)/2567/ [索取号:TM615/10] 在馆    
26 2001241722   2001241722   中教(第二批第二书库)/山东中教(第二批)/2567/ [索取号:TM615/10] 在馆    
27 2001241723   2001241723   中教(第二批第二书库)/山东中教(第二批)/2567/ [索取号:TM615/10] 在馆    
28 2001241724   2001241724   中教(第二批第二书库)/山东中教(第二批)/2567/ [索取号:TM615/10] 在馆    
29 2001241725   2001241725   中教(第二批第二书库)/山东中教(第二批)/2567/ [索取号:TM615/10] 在馆    
30 2001241726   2001241726   中教(第二批第二书库)/山东中教(第二批)/2567/ [索取号:TM615/10] 在馆    
山东省滨州职业学院图书馆 欢迎您!
大连网信软件有限公司© 版权所有